000
00281nam a2200121 a 4500
008
100920s1965|||| d
245
1
0
_a
Tánino manželstvo
100
1
_a
Dementiev, Nikolaj
260
_b
Obzor
_a
Bratislava
_c
1965
020
_c
12
044
_a
xo
_c
SK
041
_a
slo
999
_c
10496
_d
10496